Empresas para todos (Registro nro. 242)

Detalles MARC
000 -LEADER
fixed length control field 01229 a2200241 4500
001 - CONTROL NUMBER
control field 1973
005 - DATE AND TIME OF LATEST TRANSACTION
control field 20260407155422.0
008 - FIXED-LENGTH DATA ELEMENTS--GENERAL INFORMATION
fixed length control field 260407a2010 arg spa d
003 - CONTROL NUMBER IDENTIFIER
control field AR-UNSa-BCEJYS
040 ## - CATALOGING SOURCE
Original cataloging agency AR-UNSa-BCEJYS
Language of cataloging spa
Transcribing agency AR-UNSa-BCEJYS
080 ## - UNIVERSAL DECIMAL CLASSIFICATION NUMBER
Universal Decimal Classification number 174:65
Common auxiliary subdivision Etica en gestión y organización de la industria (Responsabilidad Social Empresaria)
020 ## - INTERNATIONAL STANDARD BOOK NUMBER
International Standard Book Number 978-958-45-2943-5
100 1# - MAIN ENTRY--PERSONAL NAME
Personal name Yunus, Muhammad
245 10 - TITLE STATEMENT
Title Empresas para todos
Name of part/section of a work hacia un nuevo modelo de capitalismo que atiende las necesidades más urgentes de la humanidad
264 #1 - PRODUCTION, PUBLICATION, DISTRIBUTION, MANUFACTURE, AND COPYRIGHT NOTICE
Place of production, publication, distribution, manufacture Bogotá :
Name of producer, publisher, distributor, manufacturer Grupo Editorial Norma
Date of production, publication, distribution, manufacture, or copyright notice 2010
300 ## - PHYSICAL DESCRIPTION
Extent xxviii, 211 p.
Dimensions 23 cm.
505 ## - FORMATTED CONTENTS NOTE
Formatted contents note 1. ¿Por qué empresa social? - 2. Los dolores del crecimiento - 3. Lanzar una empresa social - 4. Curar un niño - 5. Marcos de referencia legal y financiero para la empresa social - 6. Grameen-Veolia Water - 7. La creación de una infraestructura global para las empresas sociales - 8. Vistazos del mañana - 9. El fin de la pobreza
590 ## - LOCAL NOTE (RLIN)
Local note niveau_biblio:m niveau_hierar:0
700 1# - ADDED ENTRY--PERSONAL NAME
Personal name Weber, Karl
700 1# - ADDED ENTRY--PERSONAL NAME
Personal name Buitrago, Affán
856 41 - ELECTRONIC LOCATION AND ACCESS
Uniform Resource Identifier <a href="https://biblioeco.unsa.edu.ar/pmb/images/libros/Empresas para todos.jpg">https://biblioeco.unsa.edu.ar/pmb/images/libros/Empresas para todos.jpg</a>
Link text Imagen de portada
Electronic format type image/jpeg
942 ## - ADDED ENTRY ELEMENTS (KOHA)
Koha item type
Existencias
Withdrawn status Lost status Damaged status Not for loan Home library Current library Shelving location Date acquired Total checkouts Full call number Barcode Date last seen Price effective from Koha item type
        Biblioteca Prof. Eusebio Cleto del Rey Biblioteca Prof. Eusebio Cleto del Rey   07/04/2026   174:65 Y94 L118283 07/04/2026 07/04/2026 Libro
        Biblioteca Prof. Eusebio Cleto del Rey Biblioteca Prof. Eusebio Cleto del Rey   07/04/2026   174:65 Y94 L118284 07/04/2026 07/04/2026 Libro
        Biblioteca Prof. Eusebio Cleto del Rey Biblioteca Prof. Eusebio Cleto del Rey   07/04/2026   174:65 Y94 L118282 07/04/2026 07/04/2026 Libro
        Biblioteca Prof. Eusebio Cleto del Rey Biblioteca Prof. Eusebio Cleto del Rey   07/04/2026   174:65 Y94 L119238 07/04/2026 07/04/2026 Libro
        Biblioteca Prof. Eusebio Cleto del Rey Biblioteca Prof. Eusebio Cleto del Rey   07/04/2026   174:65 Y94 L119239 07/04/2026 07/04/2026 Libro